000 00453nam a2200181Ia 4500
001 9842
005 20260306161748.0
008 260306t2016||||xx |||||||||||||| ||spa||
041 _aESP
082 _a468
_bCH535 2016
100 _aChávez Pérez, Fidel
_eAUT
245 0 _aRedacción avanzada:
_bun enfoque lingüístico
260 _c2016
300 _axiii, 342 páginas :
_c27 cm.
650 _aGEN
654 _aCHU
942 _cLIB
_dJUS
_fJUS
_2ddc
_n
999 _c9842
_d9842